LEADER 01363nas 2200433-- 450 001 996200178803316 005 20230321200641.0 035 $a(CKB)110978977122548 035 $a(CONSER)---49039991- 035 $a(DE-599)ZDB2237293-3 035 $a(EXLCZ)99110978977122548 100 $a20751101a19089999 --- b 101 0 $aswe 181 $ctxt$2rdacontent 182 $cc$2rdamedia 183 $acr$2rdacarrier 200 00$aTiden 210 $a[Stockholm]$c[Sveriges socialdemokratiska arbetareparti] 215 $a1 online resource 300 $a"Tidskrift för socialistisk kritik och politik." 311 08$aPrint version: Tiden. 0040-6759 (DLC) 49039991 (OCoLC)1767470 531 $aTIDEN TIDSKRIFT FOER SOCIALISTISK KRITIK OCH POLITIK GRUNDAD AV HJALMAR BRANTI 531 0 $aTiden 606 $aSocialism$vPeriodicals 606 $aLabor movement$vPeriodicals 606 $aLabor movement$2fast$3(OCoLC)fst00990079 606 $aSocialism$2fast$3(OCoLC)fst01123637 608 $aPeriodicals.$2fast 615 0$aSocialism 615 0$aLabor movement 615 7$aLabor movement. 615 7$aSocialism. 676 $a335/.005 712 02$aSveriges socialdemokratiska arbetareparti. 906 $aJOURNAL 912 $a996200178803316 920 $aexl_impl conversion 996 $aTiden$92084911 997 $aUNISA LEADER 01511nam0-2200289 --450 001 9910845295803321 005 20240417124948.0 010 $a9785940673958 (pbk.) 035 $a(RuMoEVIS)ev970714B 100 $a20240417d2013----kmuy0itay5050 ba 101 2 $aita$arus 105 $a 001yy 200 1 $aRussia - Italia incontri culturali e religiosi tra '700 e '900 atti del Convegno internazionale, Napoli, 3-4 ottobre 2011 = Rossii?a?- Italii?a?$ekul?turnye i religioznye svi?a?zi v XVIII-XX vekakh materialy mezhdunarodnoi? nauchnoi? konferent?s?ii, (Neapol?, 3-4 okti?a?bri?a? 2011 g.) /$fa cura di Andrea Milano e Michail Talalay 210 1$aMosca$c[IVI RAN]$d2013 215 $a189, 199 p.$d21 cm 300 $aSul frontespizio: Atti del Convegno internazionale, Napoli, 3-4 ottobre 2011 300 $aTesto in Italiano e russo 517 0 $aRossii?a?- Italii?a? kul?turnye i religioznye svi?a?zi v XVIII-XX vekakh materialy mezhdunarodnoi? nauchnoi? konferent?s?ii, (Neapol?, 3-4 okti?a?bri?a? 2011 g.) 701 1$aTalalai?,$bMichail G.$01734259 701 1$aMilano,$bAndrea$0388241 801 0$aIT$bUNINA$gREICAT$2UNIMARC 901 $aBK 912 $a9910845295803321 952 $aDFT D76 MILA 02$b2023/7486$fFLFBC 959 $aFLFBC 996 $aRussia - Italia incontri culturali e religiosi tra '700 e '900 atti del Convegno internazionale, Napoli, 3-4 ottobre 2011 = Rossii?a?- Italii?a?$94150912 997 $aUNINA